000 01481nam a2200409 c 4500
999 _c165147
_d165147
003 BLK
005 20250127102832.0
008 180410b bul|||||r ||||||| ||bul||
010 _aKNG00172729000
040 _aBLK
041 _aBUL
_cBUL
072 7 _2bullib
_aК
_xКраезнание
080 _aСоциални проблеми, които изискват оказване на помощ. Видове социална помощ. Социална работа
_b364
_z364
100 1 _aКожухаров, Йордан В.
_eпърви автор
_9336626
139 _aКожухаров, Йордан В.
_bК 74
245 1 0 _aПомощната организация в Русе и околията
_cЙордан В. Кожухаров.
257 _aBGR
260 _c1945
_fРусе : Малджиев
300 _a24 с.
_c15 см
380 _a3
500 _a300 тир.
650 7 _aСоциална политика - България
_2
_9171478
651 4 _aБългария
_9241624
651 4 _aРусе
_9179462
653 _aсоциална политика
653 _aорганизации
653 _aистория
659 _aК
852 _aЦб 3.145.15393
852 _aК 36/К 74 Й
856 4 _qpdf
856 4 _qpdf
942 _cKNG
_n0
_s1
_01
944 _aCR
_c09.03.2015
_lГеновева Генчева
_k30560
944 _aED
_c09.03.2015
_l09.03.2015 - от С1,Р / 09.03.2015
999 _d165147